| 000 | 00517cam a22001457a 4500 | ||
|---|---|---|---|
| 008 | 180718b1987 xxu||||| |||| 00| 0 eng d | ||
| 082 | _aAPPPA 86-87 NAN | ||
| 100 | _aNanjanath, Radha A. | ||
| 245 |
_aFinancial appraisal of public sector undertaking: a case study in the automotive industry _cby Radha A. Nanjanath |
||
| 260 |
_aNew Delhi _bIndian Institute of Public Administration _c1987 |
||
| 300 | _a149p. | ||
| 650 | _aAutomotive industry | ||
| 650 | _aPublic sector undertaking | ||
| 650 | _aFinancial appraisal | ||
| 999 |
_c501428 _d501428 |
||